Città della Sicilia ( + 50k ) con una mappa - Statistics

Statistiche generali
  • Questo quiz è stato fatto 259 volte
  • Il punteggio medio è 9 su 11
Risposte nella Mappa
Le risposte nella mappa del quiz sottostante sono codificate secondo una scala di colori dal rosso al verde in base alla % di persone che hanno risposto correttamente.
 
Statistiche sulle risposte
Population Ville % Corretto
648,260 Palermo
100%
290,927 Catania
98%
219,948 Messina
97%
97,472 Siracusa
93%
58,681 Trapani
92%
61,380 Ragusa
89%
56,715 Caltanissetta
87%
77,915 Marsala
74%
73,854 Gela
72%
50,852 Vittoria
51%
52,952 Bagheria
46%
Nessun quiz corrispondente trovato
Distribuzione punteggi
Percentuale di utenti per punteggio
Percentile per numero di risposta
I tuoi punteggi nel tempo
Non hai fatto questo quiz